00488pab a2200145 454500008004000000100002400040245015100064260000900215300001300224362000800237650001400245650002100259650001900280773004300299180718b2018 xxu||||| |||| 00| 0 eng d aHanson, Jonathan K. aState capacity and the resilience of electoral authoritarianism: Conceptualizing and measuring the institutional underpinnings of autocratic power c2018 ap.17-32. aJan aElections aAuthoritarianism aState capacity aInternational Political Science Review